000 00297nam a22001337a 4500
003 SGT
100 _aGOTI. ABHAY. V
245 _aPRACTICAL FOR PHARMACEUTICAL ENGINEERING
250 _a1st
260 _aS. VIKAS
_bPANJAB
650 _aPHARMACEUTICAL
653 _a ENGINEERING
942 _2ddc
_cBK
999 _c24596
_d24596